The bronze figurines of the Petrie Museum from 2000 BC to AD 400 /
المؤلف الرئيسي:
مؤلف مشترك:
التنسيق: كتاب
اللغة:
English
Ancient Egyptian
منشور في:
London :
Golden House Publications,
2018.
سلاسل:
GHP Egyptology ;
28.
Egyptology ;
28.
الموضوعات:
الوسوم: إضافة وسم
رقم الطلب: DT59 .E88 v.28
| LEADER | 01108namaa2200313 4500 | ||
|---|---|---|---|
| 003 | OSt | ||
| 005 | 20260517112313.0 | ||
| 008 | 130303s2018 enka bc 000 0 eng d | ||
| 020 | |a 9781906137526 | ||
| 020 | |a 1906137528 | ||
| 040 | |c ARCE Library | ||
| 041 | 1 | |a eng |a egy |h egy | |
| 043 | |a f-ua--- | ||
| 050 | 4 | |a DT59 .E88 v.28 | |
| 100 | 1 | |a Tiribilli, Elena, |e author |9 41149 | |
| 245 | 1 | 0 | |a The bronze figurines of the Petrie Museum from 2000 BC to AD 400 / |c Elena Tiribilli. |
| 264 | 1 | |a London : |b Golden House Publications, |c 2018. | |
| 300 | |a xviii, 350 pages : |b illustrations ; |c 30 cm. | ||
| 490 | 1 | |a GHP Egyptology ; |v 28. | |
| 490 | 1 | |a Egyptology ; |v 28. | |
| 504 | |a Includes bibliographical references (pages 339-350) | ||
| 546 | |a English text, with selections in Egyptian Hieroglyphics with parallel English translations from the Egyptian Hieroglyphics. | ||
| 650 | 0 | |a Bronze figurines, Ancient |z Egypt |v Catalogs. | |
| 710 | 2 | |a Petrie Museum of Egyptian Archaeology. | |
| 830 | 0 | |a GHP Egyptology ; |v 28. | |
| 830 | 0 | |a Egyptology ; |v 28. | |
| 901 | |a reviewed | ||
| 942 | |c BK |2 lcc | ||
| 999 | |c 641 |d 641 | ||
